| 000 | 00555nam a2200181 i 4500 | ||
|---|---|---|---|
| 001 | 57637 | ||
| 003 | ES-MaACL | ||
| 005 | 20250731063029.0 | ||
| 007 | t| | ||
| 008 | 031017s1974 sp ||||1| spa d | ||
| 100 | 1 |
_aDomínguez Ortiz, Antonio, _d1909-2003 _945233 |
|
| 245 | 1 | 0 |
_aOrto y ocaso de Sevilla / _cAntonio Domínguez Ortiz. |
| 250 | _a2ª ed. | ||
| 260 |
_aSevilla : _bUniversidad de Sevilla, Secretariado de Publicaciones, _c[1974] |
||
| 300 |
_a180 p. ; _c19 cm. |
||
| 852 |
_aES-MaACL _jE-8208 _bR.92434 |
||
| 999 |
_c57637 _d57637 |
||